| 000 | 00541nam a2200217Ia 4500 | ||
|---|---|---|---|
| 003 | 0100 | ||
| 008 | 130303s9999 xx 000 0 und d | ||
| 020 | _a9780199295654 | ||
| 040 | _cARRUPELIB | ||
| 050 | _aHC60.R487 2007 | ||
| 100 | _aRiddell, Roger C. | ||
| 245 | _aDoes foreign aid really work? | ||
| 260 | _aOxford | ||
| 260 | _bOxford University Press | ||
| 260 | _C2007 | ||
| 300 | _a505p. | ||
| 300 | _b 24cm. | ||
| 650 | _bChurch and State - Uganda | ||
| 650 | _cChurch and social problems - Uganda | ||
| 942 |
_2lcc _01 |
||
| 999 |
_c64806 _d64806 |
||